Математика. Тема 12: Геометрические тела: призма и цилиндр, их поверхность и объем (Запись № 13570275)

Подробности
000 -МАРКЕР
контрольное поле 01385nam2a2200241 4500
001 - ИДЕНТИФИКАТОР ЗАПИСИ
контрольное поле rc\2827661
005 - ИДЕНТИФИКАТОР ВЕРСИИ
контрольное поле 20260315044753.0
035 ## - ДРУГИЕ СИСТЕМНЫЕ НОМЕРА
Идентификатор записи (NLR Aleph) 006985768
100 ## - ДАННЫЕ ОБЩЕЙ ОБРАБОТКИ
Данные общей обработки 20110627d1932 u y0rusy50 ca
101 0# - ЯЗЫК РЕСУРСА
Язык текста, звукозаписи и т.д. русский
102 ## - СТРАНА ПУБЛИКАЦИИ ИЛИ ПРОИЗВОДСТВА
Страна публикации российская федерация
105 ## - ПОЛЕ КОДИРОВАННЫХ ДАННЫХ: ТЕКСТОВЫЕ МАТЕРИАЛЫ, МОНОГРАФИЧЕСКИЕ
Кодированные данные о монографическом текстовом документе a z |||||
200 1# - ЗАГЛАВИЕ И СВЕДЕНИЯ ОБ ОТВЕТСТВЕННОСТИ
Основное заглавие Геометрические тела: призма и цилиндр, их поверхность и объем
Первые сведения об ответственности Сост. Финке
210 ## - ПУБЛИКАЦИЯ, РАСПРОСТРАНЕНИЕ И ДР.
Дата издания, распространения и т.д. 1932
215 ## - ФИЗИЧЕСКАЯ ХАРАКТЕРИСТИКА
Специфическое обозначение материала и объем 31 с.
Другие сведения о физической характеристике черт.
461 #0 - УРОВЕНЬ НАБОРА
Встроенное поле 001rc\2827660
-- 2001#$aМатематика$e(Одногодичный курс для ЗСПШ 1 ст.). Тема 12-$fВсеукр. заоч. iн-т масовоï освiти партактиву при ЦК КП(б)У. ВЗIМПО при ЦК КП(б)У. Партшкола ВДОМА$vТема 12
Системный номер (АБИС) связанной записи 5577412
Автор Заочная совпартшкола второй ступени (Харьков)
Место публикации [Харьков]
Дата публикации 1932
Первые сведения об ответственности Всеукр. заоч. iн-т масовоï освiти партактиву при ЦК КП(б)У. ВЗIМПО при ЦК КП(б)У. Партшкола ВДОМА
Имя издателя, распространителя и т.д. Пролетар
Сведения, относящиеся к заглавию (Одногодичный курс для ЗСПШ 1 ст.). Тема 12-
Заглавие Математика
Номер тома Тема 12
702 #1 - ИМЯ ЛИЦА - ВТОРИЧНАЯ ОТВЕТСТВЕННОСТЬ
Начальный элемент ввода Финке
Код отношения Составитель
801 #0 - ИСТОЧНИК ЗАПИСИ
Страна российская федерация
Организация NLR
Правила каталогизации psbo
801 #1 - ИСТОЧНИК ЗАПИСИ
Страна российская федерация
Организация ELAR
Источник данных rusmarc
852 ## - МЕСТОНАХОЖДЕНИЕ И ШИФР ХРАНЕНИЯ
Идентификатор организации NLR
Шифр хранения (Call Number) 32-18/904
942 ## - ДОПОЛНИТЕЛЬНЫЕ ЭЛЕМЕНТЫ ЗАПИСИ (АБИС)
Тип экземпляра АБИС Неопределено
980 ## - КОЛЛЕКЦИЯ
Название коллекции Национальная библиография

Нет доступных экземпляров.